[Event "Open International Graz"]
[Date "2026.02.17"]
[White "Chasin, Nico"]
[Black "Martins, Bruno Andre Leite"]
[WhiteElo "2523"]
[BlackElo "2376"]
[Round "6.6.5"]
[Result "0-1"]

Nf3 {[%clk 1:28:47]} Nf6 {[%clk 1:29:50]} c4 {[%clk 1:29:08]} e6 {[%clk
1:29:40]} g3 {[%clk 1:29:31]} d5 {[%clk 1:30:00]} Bg2 {[%clk 1:29:59]} Be7
{[%clk 1:27:55]} O-O {[%clk 1:27:48]} O-O {[%clk 1:28:02]} d4 {[%clk 1:28:15]}
a5 {[%clk 1:27:54]} Qc2 {[%clk 1:22:18]} a4 {[%clk 1:25:48]} Bf4 {[%clk
1:16:58]} dxc4 {[%clk 1:25:57]} Qxc4 {[%clk 1:16:33]} Nd5 {[%clk 1:24:11]} Bd2
{[%clk 1:09:25]} Nd7 {[%clk 1:19:15]} e4 {[%clk 1:06:34]} N5f6 {[%clk 1:16:08]}
Nc3 {[%clk 0:56:55]} b5 {[%clk 1:03:24]} Nxb5 {[%clk 0:54:29]} Ba6 {[%clk
0:56:41]} Qc6 {[%clk 0:50:20]} Qb8 {[%clk 0:53:15]} Nxc7 {[%clk 0:49:41]} Bxf1
{[%clk 0:42:18]} Rxf1 {[%clk 0:34:15]} Ra7 {[%clk 0:40:56]} Bf4 {[%clk 0:25:05]}
Qb7 {[%clk 0:31:27]} d5 {[%clk 0:23:27]} e5 {[%clk 0:15:17]} Nxe5 {[%clk
0:20:52]} Nxe5 {[%clk 0:07:34]} Qxb7 {[%clk 0:14:55]} Rxb7 {[%clk 0:08:02]} Bxe5
{[%clk 0:15:13]} Nd7 {[%clk 0:06:36]} d6 {[%clk 0:14:30]} Bd8 {[%clk 0:06:34]}
Bc3 {[%clk 0:11:25]} Bxc7 {[%clk 0:06:49]} e5 {[%clk 0:11:48]} Ra7 {[%clk
0:06:08]} dxc7 {[%clk 0:12:17]} Rxc7 {[%clk 0:06:27]} Rd1 {[%clk 0:12:14]} a3
{[%clk 0:04:27]} Kf1 {[%clk 0:04:53]} Rb8 {[%clk 0:01:35]} Rd2 {[%clk 0:02:45]}
Nb6 {[%clk 0:01:52]} Bd5 {[%clk 0:00:47]} Rd7 {[%clk 0:01:18]} Be4 {[%clk
0:00:35]} Rxd2 {[%clk 0:01:34]} Bxd2 {[%clk 0:01:04]} Nc4 {[%clk 0:01:18]} Bc3
{[%clk 0:00:45]} axb2 {[%clk 0:01:41]} Ke2 {[%clk 0:00:53]} b1=Q {[%clk
0:01:45]} Bxb1 {[%clk 0:01:13]} Rxb1 {[%clk 0:02:11]} a4 {[%clk 0:00:48]} Rb3
{[%clk 0:02:01]} Kd3 {[%clk 0:00:58]} Nb6 {[%clk 0:01:41]} Kc2 {[%clk 0:01:21]}
Ra3 {[%clk 0:01:41]} a5 {[%clk 0:01:46]} Nc4 {[%clk 0:02:05]} Bb4 {[%clk
0:02:15]} Rf3 {[%clk 0:01:59]} a6 {[%clk 0:02:18]} Rxf2+ {[%clk 0:02:05]} Kb3
{[%clk 0:02:39]} Nb6 {[%clk 0:02:10]} Bc5 {[%clk 0:03:08]} Rf3+ {[%clk 0:02:31]}
Kb4 {[%clk 0:03:33]} Na8 {[%clk 0:01:44]} a7 {[%clk 0:03:24]} Rf1 {[%clk
0:01:32]} Kb5 {[%clk 0:03:26]} Rb1+ {[%clk 0:15:00]} Kc6 {[%clk 0:18:27]} h5
{[%clk 0:15:20]} h3 {[%clk 0:17:46]} Kh7 {[%clk 0:15:15]} g4 {[%clk 0:17:23]}
hxg4 {[%clk 0:15:37]} hxg4 {[%clk 0:17:52]} Kg6 {[%clk 0:15:05]} Be3 {[%clk
0:14:03]} Rb3 {[%clk 0:15:29]} Bd2 {[%clk 0:12:58]} Rb6+ {[%clk 0:15:41]}

[Variant "Standard"]
[Site "Europe Echecs"]

[Event "Open International Graz"]
[Date "2026.02.17"]
[White "Oktem, Ege Tuna"]
[Black "Diermair, Andreas"]
[WhiteElo "2356"]
[BlackElo "2447"]
[Round "6.6.6"]
[Result "1-0"]

e4 {[%clk 1:29:19]} e5 {[%clk 1:30:40]} Nf3 {[%clk 1:29:07]} Nc6 {[%clk
1:31:07]} Bc4 {[%clk 1:29:28]} Nf6 {[%clk 1:31:14]} d3 {[%clk 1:29:49]} Bc5
{[%clk 1:30:01]} O-O {[%clk 1:30:10]} O-O {[%clk 1:29:55]} h3 {[%clk 1:30:28]}
d5 {[%clk 1:26:15]} exd5 {[%clk 1:29:50]} Nxd5 {[%clk 1:26:43]} Re1 {[%clk
1:28:22]} Be6 {[%clk 1:26:47]} Nbd2 {[%clk 1:24:59]} f6 {[%clk 1:19:27]} c3
{[%clk 1:20:53]} Bf7 {[%clk 1:07:07]} Ne4 {[%clk 1:10:29]} Bb6 {[%clk 1:06:44]}
a4 {[%clk 1:10:18]} a5 {[%clk 1:05:17]} Qc2 {[%clk 1:08:16]} Kh8 {[%clk
1:04:01]} b3 {[%clk 1:02:38]} Bh5 {[%clk 0:55:15]} Nh2 {[%clk 0:56:51]} Nce7
{[%clk 0:46:03]} Ba3 {[%clk 0:48:25]} c6 {[%clk 0:41:56]} Nc5 {[%clk 0:40:37]}
Bxc5 {[%clk 0:40:11]} Bxc5 {[%clk 0:41:06]} Bg6 {[%clk 0:38:47]} Qd2 {[%clk
0:38:36]} Nb6 {[%clk 0:29:01]} d4 {[%clk 0:30:17]} Nxc4 {[%clk 0:29:12]} bxc4
{[%clk 0:30:46]} b6 {[%clk 0:26:19]} Ba3 {[%clk 0:29:22]} c5 {[%clk 0:26:34]}
Nf3 {[%clk 0:20:48]} Rc8 {[%clk 0:21:42]} Rad1 {[%clk 0:16:42]} Re8 {[%clk
0:10:37]} dxe5 {[%clk 0:16:20]} Qxd2 {[%clk 0:10:45]} Rxd2 {[%clk 0:16:44]} Nc6
{[%clk 0:10:55]} exf6 {[%clk 0:12:19]} Rxe1+ {[%clk 0:10:50]} Nxe1 {[%clk
0:12:48]} gxf6 {[%clk 0:11:14]} Rd6 {[%clk 0:10:28]} Kg7 {[%clk 0:10:45]} Bc1
{[%clk 0:09:47]} Ne5 {[%clk 0:06:52]} Nf3 {[%clk 0:06:17]} Nxf3+ {[%clk
0:05:35]} gxf3 {[%clk 0:06:46]} Be8 {[%clk 0:05:49]} Rxb6 {[%clk 0:06:45]} Bxa4
{[%clk 0:06:12]} Ra6 {[%clk 0:06:34]} Bb3 {[%clk 0:04:09]} Rxa5 {[%clk 0:07:02]}
Bxc4 {[%clk 0:04:34]} Be3 {[%clk 0:07:14]} Be2 {[%clk 0:04:09]} Bxc5 {[%clk
0:06:33]} Bxf3 {[%clk 0:04:33]} Bd4 {[%clk 0:06:42]} Kg6 {[%clk 0:03:34]} Kh2
{[%clk 0:06:41]} Ra8 {[%clk 0:01:32]} Rb5 {[%clk 0:06:43]} Rc8 {[%clk 0:01:03]}
Kg3 {[%clk 0:07:00]} Bc6 {[%clk 0:00:31]} Rb6 {[%clk 0:07:20]} Kf5 {[%clk
0:15:09]} Kh4 {[%clk 0:21:02]} Rc7 {[%clk 0:13:23]} Ra6 {[%clk 0:18:17]} Rc8
{[%clk 0:11:29]} Kh5 {[%clk 0:14:15]} Rc7 {[%clk 0:11:26]} Kh6 {[%clk 0:12:08]}
Ke6 {[%clk 0:10:47]} Bb6 {[%clk 0:11:47]} Rc8 {[%clk 0:07:48]} Ra7 {[%clk
0:08:45]} Be4 {[%clk 0:05:26]} Bd4 {[%clk 0:09:03]} Rc6 {[%clk 0:03:25]} Kg7
{[%clk 0:07:37]} Bg6 {[%clk 0:03:41]} Bxf6 {[%clk 0:07:42]} Rc5 {[%clk 0:03:45]}
Ra6+ {[%clk 0:06:30]} Kf5 {[%clk 0:03:44]} Bd4 {[%clk 0:06:31]} Rd5 {[%clk
0:03:16]} Kh6 {[%clk 0:05:54]} Ke4 {[%clk 0:03:12]} Re6+ {[%clk 0:06:04]} Kf3
{[%clk 0:02:45]} Re3+ {[%clk 0:06:27]} Kf4 {[%clk 0:03:00]} Bf6 {[%clk 0:06:10]}
Rf5 {[%clk 0:03:14]} Kg7 {[%clk 0:06:11]} Rd5 {[%clk 0:02:27]} h4 {[%clk
0:06:02]} Kg4 {[%clk 0:01:47]} Rg3+ {[%clk 0:04:11]} Kf4 {[%clk 0:02:15]} Rg5
{[%clk 0:03:25]} Bf5 {[%clk 0:01:44]} Bd4 {[%clk 0:03:39]} Rd7+ {[%clk 0:01:48]}
Kf6 {[%clk 0:03:52]} Rd6+ {[%clk 0:02:14]} Ke7 {[%clk 0:04:12]} Rd7+ {[%clk
0:01:25]} Ke8 {[%clk 0:04:40]} Rd5 {[%clk 0:01:30]} Rg3 {[%clk 0:03:09]} Bg4
{[%clk 0:00:46]} Re3 {[%clk 0:03:19]} Bh5+ {[%clk 0:01:03]} Ke7 {[%clk 0:03:47]}
Bg4 {[%clk 0:01:05]} Bb6 {[%clk 0:02:44]} Rd7+ {[%clk 0:01:15]} Ke8 {[%clk
0:03:13]} Rb7 {[%clk 0:01:06]} Bc5 {[%clk 0:03:05]} Kf5 {[%clk 0:01:00]} Kd8
{[%clk 0:02:36]} Kf6 {[%clk 0:00:57]} Rd3 {[%clk 0:02:06]} Bf5 {[%clk 0:00:39]}
Rd6+ {[%clk 0:02:07]} Be6 {[%clk 0:00:38]} Bd4+ {[%clk 0:02:19]} Kf7 {[%clk
0:01:01]} f4 {[%clk 0:02:40]} Rb8+ {[%clk 0:00:39]} Kc7 {[%clk 0:03:09]} Rc8+
{[%clk 0:01:01]} Kb7 {[%clk 0:03:06]} Rc4 {[%clk 0:01:20]} f5 {[%clk 0:02:57]}
Bc8+ {[%clk 0:01:46]} Kb6 {[%clk 0:02:34]} Ra4 {[%clk 0:01:19]} Kb5 {[%clk
0:02:30]} Ra1 {[%clk 0:01:34]} Rh6 {[%clk 0:02:15]} Kg8 {[%clk 0:01:24]} f6
{[%clk 0:02:17]} Bg4 {[%clk 0:00:55]} Kb6 {[%clk 0:01:48]} Rc1 {[%clk 0:00:54]}
Kc6 {[%clk 0:02:03]} Rc2 {[%clk 0:01:06]} Rxh7 {[%clk 0:01:29]} Bf3+ {[%clk
0:01:28]} Kc7 {[%clk 0:01:52]}

[Variant "Standard"]
[Site "Europe Echecs"]

[Event "Open International Graz"]
[Date "2026.02.17"]
[White "Kushagra Mohan"]
[Black "Ambartsumian, Tyhran"]
[WhiteElo "2432"]
[BlackElo "2364"]
[Round "6.6.7"]
[Result "0-1"]

e4 {[%clk 1:28:10]} e5 {[%clk 1:30:58]} Nf3 {[%clk 1:28:36]} Nc6 {[%clk
1:31:22]} Bb5 {[%clk 1:29:04]} a6 {[%clk 1:31:45]} Ba4 {[%clk 1:29:31]} Nf6
{[%clk 1:32:07]} O-O {[%clk 1:29:58]} Be7 {[%clk 1:32:31]} Re1 {[%clk 1:30:24]}
b5 {[%clk 1:32:56]} Bb3 {[%clk 1:30:52]} O-O {[%clk 1:33:18]} d3 {[%clk
1:31:20]} d6 {[%clk 1:22:58]} a4 {[%clk 1:31:34]} b4 {[%clk 1:17:40]} Nbd2
{[%clk 1:31:59]} Be6 {[%clk 1:18:04]} Nc4 {[%clk 1:32:17]} Rb8 {[%clk 1:14:34]}
h3 {[%clk 1:29:22]} h6 {[%clk 1:14:37]} Be3 {[%clk 1:28:45]} Nd7 {[%clk
0:51:12]} Qe2 {[%clk 1:21:51]} Bf6 {[%clk 0:43:27]} Nfd2 {[%clk 1:08:07]} Bg5
{[%clk 0:39:13]} c3 {[%clk 1:05:07]} Bxe3 {[%clk 0:37:27]} fxe3 {[%clk 1:00:50]}
Qg5 {[%clk 0:34:18]} Kh2 {[%clk 1:01:18]} Nf6 {[%clk 0:32:36]} d4 {[%clk
0:59:06]} Ne7 {[%clk 0:27:26]} Bc2 {[%clk 0:57:38]} Ng6 {[%clk 0:26:02]} Qf2
{[%clk 0:56:40]} h5 {[%clk 0:22:44]} Bd3 {[%clk 0:52:00]} h4 {[%clk 0:18:58]}
Nf3 {[%clk 0:49:33]} Qh5 {[%clk 0:16:08]} d5 {[%clk 0:45:40]} Bxd5 {[%clk
0:15:54]} exd5 {[%clk 0:41:35]} e4 {[%clk 0:16:22]} Be2 {[%clk 0:33:32]} exf3
{[%clk 0:16:46]} Bxf3 {[%clk 0:33:56]} Qg5 {[%clk 0:17:09]} Rad1 {[%clk
0:31:25]} bxc3 {[%clk 0:17:32]} bxc3 {[%clk 0:31:54]} Rb3 {[%clk 0:15:57]} Qc2
{[%clk 0:31:50]} Rfb8 {[%clk 0:16:21]} Rb1 {[%clk 0:31:48]} Ne5 {[%clk 0:16:02]}
Nxe5 {[%clk 0:29:05]} Qxe5+ {[%clk 0:16:31]} Kh1 {[%clk 0:29:30]} Rxb1 {[%clk
0:16:51]} Rxb1 {[%clk 0:29:59]} Rxb1+ {[%clk 0:17:20]} Qxb1 {[%clk 0:30:28]}
Qxc3 {[%clk 0:17:29]} Qb8+ {[%clk 0:30:49]} Kh7 {[%clk 0:17:58]} Qc8 {[%clk
0:30:57]} a5 {[%clk 0:17:18]} Qf5+ {[%clk 0:31:07]} g6 {[%clk 0:17:46]} Qc8
{[%clk 0:29:59]} Kg7 {[%clk 0:17:56]} Qd8 {[%clk 0:26:30]} Qa1+ {[%clk 0:16:47]}
Kh2 {[%clk 0:26:57]} Qxa4 {[%clk 0:15:55]} Qxc7 {[%clk 0:27:23]} Qb4 {[%clk
0:16:22]} e4 {[%clk 0:27:47]} a4 {[%clk 0:16:47]}

[Variant "Standard"]
[Site "Europe Echecs"]

[Event "Open International Graz"]
[Date "2026.02.17"]
[White "Gschnitzer, Adrian"]
[Black "Mohylnyi, Stepan"]
[WhiteElo "2429"]
[BlackElo "2231"]
[Round "6.6.8"]
[Result "1-0"]

e4 {[%clk 1:30:57]} c5 {[%clk 1:30:55]} Nf3 {[%clk 1:31:15]} e6 {[%clk 1:31:20]}
d4 {[%clk 1:31:37]} cxd4 {[%clk 1:31:46]} Nxd4 {[%clk 1:31:58]} a6 {[%clk
1:32:12]} Bd3 {[%clk 1:32:14]} Nf6 {[%clk 1:32:29]} O-O {[%clk 1:32:24]} Qc7
{[%clk 1:32:55]} Qe2 {[%clk 1:32:33]} d6 {[%clk 1:33:21]} c4 {[%clk 1:32:28]}
Nbd7 {[%clk 1:33:48]} f4 {[%clk 1:32:23]} g6 {[%clk 1:29:17]} f5 {[%clk
1:29:13]} Ne5 {[%clk 1:29:38]} fxg6 {[%clk 1:25:57]} hxg6 {[%clk 1:30:05]} Rxf6
{[%clk 1:16:08]} d5 {[%clk 1:30:33]} Be3 {[%clk 1:00:38]} dxc4 {[%clk 0:46:47]}
Bc2 {[%clk 1:00:15]} Bc5 {[%clk 0:46:53]} h3 {[%clk 0:48:35]} Qb6 {[%clk
0:38:34]} Qf2 {[%clk 0:42:53]} Nc6 {[%clk 0:37:52]} Ba4 {[%clk 0:41:10]} Bd7
{[%clk 0:31:05]} Nc2 {[%clk 0:39:11]} Bxe3 {[%clk 0:28:21]} Nxe3 {[%clk
0:39:21]} Qb4 {[%clk 0:28:15]} Bxc6 {[%clk 0:38:12]} Bxc6 {[%clk 0:28:40]} Rxf7
{[%clk 0:35:40]} O-O-O {[%clk 0:29:06]} Nc3 {[%clk 0:35:31]} Rd3 {[%clk
0:28:54]} Rf1 {[%clk 0:33:38]} Rhd8 {[%clk 0:28:37]} Kh1 {[%clk 0:32:08]} Rd2
{[%clk 0:28:44]} Qf4 {[%clk 0:31:47]} Bd7 {[%clk 0:28:47]} Ned5 {[%clk 0:31:26]}
Rxd5 {[%clk 0:28:24]} exd5 {[%clk 0:31:24]} Qc5 {[%clk 0:28:53]} Ne4 {[%clk
0:29:51]} Qxd5 {[%clk 0:29:16]} Nd6+ {[%clk 0:29:12]} Kc7 {[%clk 0:29:44]} Ne8+
{[%clk 0:28:44]}

[Variant "Standard"]
[Site "Europe Echecs"]

[Event "Open International Graz"]
[Date "2026.02.17"]
[White "Kozlovic, Jernej"]
[Black "Sowinski, Pawel"]
[WhiteElo "2268"]
[BlackElo "2413"]
[Round "6.6.9"]
[Result "0-1"]

e4 {[%clk 1:30:57]} c5 {[%clk 1:30:26]} Nf3 {[%clk 1:31:01]} d6 {[%clk 1:30:52]}
d4 {[%clk 1:31:22]} cxd4 {[%clk 1:31:20]} Nxd4 {[%clk 1:31:44]} Nf6 {[%clk
1:31:46]} Nc3 {[%clk 1:32:06]} a6 {[%clk 1:32:13]} Be3 {[%clk 1:32:07]} e6
{[%clk 1:32:38]} Qe2 {[%clk 1:31:53]} b5 {[%clk 1:30:31]} O-O-O {[%clk 1:32:09]}
b4 {[%clk 1:22:28]} e5 {[%clk 1:28:38]} bxc3 {[%clk 1:17:23]} exf6 {[%clk
1:28:51]} Qxf6 {[%clk 1:12:19]} h4 {[%clk 1:28:12]} Nd7 {[%clk 0:54:03]} Bg5
{[%clk 1:19:27]} Qe5 {[%clk 0:54:04]} Qf3 {[%clk 1:19:37]} d5 {[%clk 0:49:03]}
Bc4 {[%clk 1:18:30]} Qb8 {[%clk 0:46:49]} Qxc3 {[%clk 0:54:18]} Bb4 {[%clk
0:35:38]} Qe3 {[%clk 0:51:49]} O-O {[%clk 0:35:46]} Bd3 {[%clk 0:46:23]} Bc5
{[%clk 0:30:53]} f4 {[%clk 0:45:33]} Qb6 {[%clk 0:15:44]} c3 {[%clk 0:45:17]} a5
{[%clk 0:14:11]} Rh3 {[%clk 0:39:48]} Rb8 {[%clk 0:12:46]} b3 {[%clk 0:34:53]}
Ba6 {[%clk 0:09:51]} Rg3 {[%clk 0:29:18]} Kh8 {[%clk 0:09:27]} h5 {[%clk
0:25:43]} Bxd3 {[%clk 0:06:09]} Rxd3 {[%clk 0:23:08]} Rfc8 {[%clk 0:05:35]} h6
{[%clk 0:21:48]} g6 {[%clk 0:06:04]} Kd1 {[%clk 0:17:56]} Kg8 {[%clk 0:05:48]}
Qd2 {[%clk 0:15:47]} Bf8 {[%clk 0:02:26]} f5 {[%clk 0:15:01]} Nc5 {[%clk
0:02:23]} fxg6 {[%clk 0:14:55]} fxg6 {[%clk 0:02:52]} Rdf3 {[%clk 0:13:03]} Ne4
{[%clk 0:01:55]} Qf4 {[%clk 0:13:31]} Rb7 {[%clk 0:02:14]} Bf6 {[%clk 0:12:50]}
Rf7 {[%clk 0:01:33]} Qe5 {[%clk 0:10:07]} Qd6 {[%clk 0:01:22]} Rh3 {[%clk
0:07:20]} Rxf6 {[%clk 0:01:32]} Qxd6 {[%clk 0:07:44]} Bxd6 {[%clk 0:01:57]} Rxf6
{[%clk 0:08:11]} Nxf6 {[%clk 0:02:19]} Nxe6 {[%clk 0:08:39]} Ne4 {[%clk
0:02:34]} Kc2 {[%clk 0:08:50]} Be5 {[%clk 0:02:32]} c4 {[%clk 0:09:11]} Kf7
{[%clk 0:02:52]} Ng7 {[%clk 0:08:43]} dxc4 {[%clk 0:03:05]} Rf3+ {[%clk
0:08:49]} Bf6 {[%clk 0:03:22]} Rf4 {[%clk 0:08:45]} cxb3+ {[%clk 0:03:43]} Kxb3
{[%clk 0:09:09]} Nc5+ {[%clk 0:04:05]} Ka3 {[%clk 0:09:30]} Rd8 {[%clk 0:04:12]}

[Variant "Standard"]
[Site "Europe Echecs"]

[Event "Open International Graz"]
[Date "2026.02.17"]
[White "Sherman, Raem"]
[Black "Gov, Guy"]
[WhiteElo "2388"]
[BlackElo "2210"]
[Round "6.6.10"]
[Result "1-0"]

e4 {[%clk 1:30:33]} c6 {[%clk 1:27:13]} d4 {[%clk 1:30:08]} d5 {[%clk 1:27:35]}
exd5 {[%clk 1:30:32]} cxd5 {[%clk 1:28:00]} c3 {[%clk 1:30:55]} Nc6 {[%clk
1:27:51]} Bd3 {[%clk 1:31:17]} Nf6 {[%clk 1:27:48]} h3 {[%clk 1:29:46]} g6
{[%clk 1:28:01]} Qc2 {[%clk 1:27:25]} e5 {[%clk 1:23:08]} dxe5 {[%clk 1:26:58]}
Nxe5 {[%clk 1:18:58]} Qe2 {[%clk 1:26:22]} Qe7 {[%clk 1:19:18]} Bb5+ {[%clk
1:26:47]} Bd7 {[%clk 1:19:27]} Be3 {[%clk 1:25:05]} Bg7 {[%clk 1:16:16]} Nd2
{[%clk 1:24:58]} O-O {[%clk 1:14:01]} Bxd7 {[%clk 1:24:46]} Qxd7 {[%clk
1:14:06]} Ngf3 {[%clk 1:24:52]} Nxf3+ {[%clk 1:13:31]} Nxf3 {[%clk 1:24:48]} Ne4
{[%clk 1:12:52]} O-O {[%clk 1:24:06]} b5 {[%clk 1:07:45]} Rad1 {[%clk 1:19:55]}
a5 {[%clk 1:04:07]} Bd4 {[%clk 1:19:16]} Rfd8 {[%clk 1:04:16]} a3 {[%clk
1:14:45]} Rab8 {[%clk 0:57:36]} Qe3 {[%clk 1:11:28]} Qc6 {[%clk 0:52:17]} Bxg7
{[%clk 1:09:36]} Kxg7 {[%clk 0:51:48]} Ne5 {[%clk 1:09:22]} Qb6 {[%clk 0:47:59]}
Qf3 {[%clk 1:08:30]} Rb7 {[%clk 0:40:50]} Rd4 {[%clk 1:06:37]} Rd6 {[%clk
0:37:13]} Ng4 {[%clk 1:02:11]} Qd8 {[%clk 0:22:21]} Ne3 {[%clk 0:58:59]} Rbd7
{[%clk 0:20:24]} Qe2 {[%clk 0:58:41]} Qb6 {[%clk 0:15:00]} Rfd1 {[%clk 0:58:45]}
Nf6 {[%clk 0:15:23]} Qf3 {[%clk 0:58:29]} Qd8 {[%clk 0:11:30]} Qg3 {[%clk
0:56:44]} Kh8 {[%clk 0:11:18]} Qh4 {[%clk 0:56:49]} Kg7 {[%clk 0:10:36]} Qg5
{[%clk 0:56:43]} Kh8 {[%clk 0:10:00]} g3 {[%clk 0:55:20]} Qe8 {[%clk 0:08:28]}
Qf4 {[%clk 0:54:04]} Qe6 {[%clk 0:08:29]} Kg2 {[%clk 0:53:13]} Kg7 {[%clk
0:07:38]} Re1 {[%clk 0:53:01]} Rc6 {[%clk 0:05:30]} Qf3 {[%clk 0:50:10]} Rc8
{[%clk 0:01:52]} Re2 {[%clk 0:49:11]} Qc6 {[%clk 0:01:34]} Re1 {[%clk 0:46:14]}
Re8 {[%clk 0:01:54]} Red1 {[%clk 0:46:16]} Re4 {[%clk 0:01:27]} Ng4 {[%clk
0:43:33]} Nxg4 {[%clk 0:14:54]} hxg4 {[%clk 0:58:55]} Re5 {[%clk 0:11:48]} Qf4
{[%clk 0:57:38]} Qf6 {[%clk 0:10:59]} R1d2 {[%clk 0:56:38]} g5 {[%clk 0:07:57]}
Qxf6+ {[%clk 0:55:27]} Kxf6 {[%clk 0:08:26]} a4 {[%clk 0:55:42]} Rb7 {[%clk
0:06:51]} Rxd5 {[%clk 0:53:43]} Rxd5 {[%clk 0:07:03]} Rxd5 {[%clk 0:54:06]} bxa4
{[%clk 0:07:31]} Rxa5 {[%clk 0:54:20]} Rxb2 {[%clk 0:07:58]} Rxa4 {[%clk
0:54:40]} Rc2 {[%clk 0:07:43]} Rc4 {[%clk 0:54:38]} Ke6 {[%clk 0:07:39]} Rc5
{[%clk 0:53:00]} f6 {[%clk 0:07:50]} Kf3 {[%clk 0:53:18]} Kd6 {[%clk 0:08:09]}
Rc8 {[%clk 0:53:34]} Ke5 {[%clk 0:07:27]} Rc6 {[%clk 0:53:05]} Rc1 {[%clk
0:07:07]} Ke3 {[%clk 0:50:53]} Re1+ {[%clk 0:07:24]} Kd2 {[%clk 0:51:03]} Rf1
{[%clk 0:07:39]} Ke2 {[%clk 0:51:27]} Rc1 {[%clk 0:08:01]} Rc8 {[%clk 0:51:12]}
Kd5 {[%clk 0:06:34]} Rd8+ {[%clk 0:49:55]} Ke4 {[%clk 0:05:12]} Re8+ {[%clk
0:49:18]} Kd5 {[%clk 0:05:40]} Kd2 {[%clk 0:49:38]} Rf1 {[%clk 0:04:52]} Re2
{[%clk 0:49:37]} Ra1 {[%clk 0:04:06]} Kd3 {[%clk 0:49:56]} Rd1+ {[%clk 0:03:44]}
Rd2 {[%clk 0:50:16]} Rc1 {[%clk 0:03:00]} Rc2 {[%clk 0:50:12]} Re1 {[%clk
0:02:47]} c4+ {[%clk 0:46:25]} Kc5 {[%clk 0:01:30]} Ra2 {[%clk 0:46:41]} Kd6
{[%clk 0:00:35]} Kd4 {[%clk 0:46:43]} Ke6 {[%clk 0:00:31]} Rd2 {[%clk 0:46:04]}
Kd6 {[%clk 0:00:41]} c5+ {[%clk 0:44:46]} Kc6 {[%clk 0:00:37]} Ra2 {[%clk
0:44:25]} Rd1+ {[%clk 0:00:43]} Ke4 {[%clk 0:44:48]} Kxc5 {[%clk 0:00:57]} Kf5
{[%clk 0:45:02]} Rd6 {[%clk 0:01:08]} Rc2+ {[%clk 0:45:20]} Kb6 {[%clk 0:00:46]}
Re2 {[%clk 0:45:01]} Kc5 {[%clk 0:00:37]} Re6 {[%clk 0:43:49]} Rd2 {[%clk
0:01:04]} f4 {[%clk 0:44:00]} Rf2 {[%clk 0:00:31]} Rxf6 {[%clk 0:44:22]} gxf4
{[%clk 0:00:38]} gxf4 {[%clk 0:44:47]} Rh2 {[%clk 0:00:36]} g5 {[%clk 0:44:26]}
Kd4 {[%clk 0:00:31]} Rh6 {[%clk 0:44:26]} Kd5 {[%clk 0:00:11]}

[Variant "Standard"]
[Site "Europe Echecs"]

[Event "Open International Graz"]
[Date "2026.02.17"]
[White "Lymar, Vladislav"]
[Black "Marn, Jan"]
[WhiteElo "2287"]
[BlackElo "2386"]
[Round "6.6.11"]
[Result "0-1"]

e4 {[%clk 1:27:18]} e5 {[%clk 1:30:48]} Nf3 {[%clk 1:27:35]} Nc6 {[%clk
1:31:13]} Bc4 {[%clk 1:27:15]} Bc5 {[%clk 1:31:37]} c3 {[%clk 1:25:35]} Nf6
{[%clk 1:31:54]} d4 {[%clk 1:25:34]} exd4 {[%clk 1:32:18]} b4 {[%clk 1:24:54]}
Bb6 {[%clk 1:31:53]} e5 {[%clk 1:23:16]} d5 {[%clk 1:31:48]} exf6 {[%clk
1:23:23]} dxc4 {[%clk 1:32:11]} Qe2+ {[%clk 1:23:43]} Be6 {[%clk 1:32:04]} b5
{[%clk 1:23:36]} Na5 {[%clk 1:30:33]} fxg7 {[%clk 1:23:42]} Rg8 {[%clk 1:30:58]}
cxd4 {[%clk 1:23:46]} Rxg7 {[%clk 1:14:36]} O-O {[%clk 1:18:52]} Qd7 {[%clk
1:09:06]} Bb2 {[%clk 1:17:31]} O-O-O {[%clk 0:59:34]} d5 {[%clk 1:12:14]} Rxg2+
{[%clk 0:59:57]} Kxg2 {[%clk 1:11:48]} Bxd5 {[%clk 1:00:20]} h3 {[%clk 0:21:44]}
Re8 {[%clk 0:50:14]} Qd1 {[%clk 0:19:22]} Rg8+ {[%clk 0:42:42]} Kh2 {[%clk
0:19:36]} Qf5 {[%clk 0:43:04]} Nbd2 {[%clk 0:15:59]} Qf4+ {[%clk 0:37:56]} Kh1
{[%clk 0:16:28]} Qxd2 {[%clk 0:38:18]} Rg1 {[%clk 0:15:11]} Qxd1 {[%clk
0:36:33]} Raxd1 {[%clk 0:15:15]} Bxf3+ {[%clk 0:36:59]} Kh2 {[%clk 0:15:40]}
Rxg1 {[%clk 0:36:37]} Rxg1 {[%clk 0:16:09]} c6 {[%clk 0:36:54]} Rg8+ {[%clk
0:15:20]} Kd7 {[%clk 0:37:21]} Kg3 {[%clk 0:14:53]} Bd5 {[%clk 0:36:30]} bxc6+
{[%clk 0:15:05]} Nxc6 {[%clk 0:36:56]} Kf4 {[%clk 0:14:51]} Bxf2 {[%clk
0:35:30]} Rh8 {[%clk 0:14:59]} Be1 {[%clk 0:28:10]} Ke3 {[%clk 0:14:36]} c3
{[%clk 0:28:02]} Ba3 {[%clk 0:14:42]} Bd2+ {[%clk 0:26:59]} Kd3 {[%clk 0:14:55]}
Bxa2 {[%clk 0:26:43]}

[Variant "Standard"]
[Site "Europe Echecs"]